00804nam a22002177a 450000500170000001000130001702000220003003500130005203700170006504000120008208200150009424501520010926000430026130000250030465000320032965000220036170000260038394200240040999900190043395201340045220170124110054.0 aA-878408 c00.00a8172401000 aA-878408 bCen Lib/ Ret aDPLbEN a658.3bMAN aManaging people : cedited by Sara P.Nobleb54 proven ideas for making you & your profile more productive from America's smartest small companies / bGlobal Business Pressc1997aNew Delhi axii,142p. c19cm(Hb) aManagement of people926095 aMotivation926096 aNoble, Sara P.920180 2ddccENh658.3mMAN c129346d129346 00104070aLbLd2015-07-06eCen Lib/Retg0.00l1o658.3 MANpA-878408r2021-11-26 00:00:00s2021-11-11t1v0.00w2015-07-06yEN